Vyspělý poloostrov - Dánsko!

Stručné geografické údaje. Zloženie obyvateľstva, jeho kultúra a mentalita. Oblasť marketingu - tvrdá obchodná technika. Spôsoby priameho marketingu. Reklama.

Saved in:
Bibliographic Details
Main Author: Brodský, Zdeněk
Other Authors: Němeček, René, Křečková, Štěpánka
Format: Book Chapter
Language:Czech
Subjects:
Tags: Add Tag
No Tags, Be the first to tag this record!

MARC

LEADER 00000naa$a2200000$$$4500
001 0004366
005 20231004101134.0
041 0 |a cze 
044 |a CZ 
245 1 0 |a Vyspělý poloostrov - Dánsko!  |c aut. Zdeněk Brodský, René Němeček, Štěpánka Křečková 
520 |a Stručné geografické údaje. Zloženie obyvateľstva, jeho kultúra a mentalita. Oblasť marketingu - tvrdá obchodná technika. Spôsoby priameho marketingu. Reklama. 
610 2 0 |a marketing 
610 2 0 |a komunikácia marketingová 
610 2 0 |a Európska únia 
610 2 0 |a Dánsko 
610 2 0 |a reklama 
610 2 0 |a technika obchodná 
610 2 0 |a marketing priamy 
100 1 |a Brodský, Zdeněk 
700 1 |a Němeček, René 
700 1 |a Křečková, Štěpánka